00426nam a2200145Ia 4500003000400000008004100004040001600045082001800061100002000079245006900099260004900168300001000217650002800227650002500255GCL140319s9999 xx 000 0 eng d aGCL / cGCL04a751.4225bH E1 aHARRISON, HAZEL10aTHE ENCYCLOPEDIA OF WATER COLOURS TECHNIQUES / cHARRISON, HAZEL a[S.N] : bHEADLINE BOOK PUBLISHERS ، c1995 a188 P04aWATER COLOUR - PAINTING04aPAINTING - TECHNIQUE